| 000 | 01340cam a22003374a 4500 | ||
|---|---|---|---|
| 001 | 12752541 | ||
| 003 | NUST-PNEC | ||
| 005 | 20170116180716.0 | ||
| 008 | 020424s2001 flua df 000 0 eng | ||
| 010 | _a 2002281489 | ||
| 020 | _a1888777559 | ||
| 040 | _cPNEC | ||
| 042 | _apcc | ||
| 050 | 0 | 0 |
_aR121 _b.N475 2001 |
| 082 | 0 | 0 | _a610.3 WEB |
| 100 |
_9715 _aWebster |
||
| 245 | 0 | 4 | _aThe new international Webster's pocket medical & first aid dictionary of the English language. |
| 246 | 3 | 0 | _aWebster's pocket medical & first aid dictionary of the English language |
| 246 | 1 | 8 | _aMedical & first aid dictionary of the English language |
| 250 | _a[New rev. ed.]. | ||
| 260 |
_a[Naples, Fla.] : _bTrident Press International, _c1998. |
||
| 300 |
_a318 p. : _bill. ; _c17 cm. |
||
| 500 | _ahttp://www.amazon.com/International-Websters-Medical-Dictionary-Language/dp/1888777559/ref=sr_1_1?s=books&ie=UTF8&qid=1413870053&sr=1-1&keywords=1888777559\ | ||
| 650 | 0 |
_aMedicine _vDictionaries. |
|
| 650 | 0 |
_aMedicine, Popular _vDictionaries. _xGeneral |
|
| 650 | 0 |
_aFirst aid in illness and injury _vHandbooks, manuals, etc. |
|
| 710 | 2 | _aTrident Press International. | |
| 906 |
_a7 _bcbc _corigcop _d2 _encip _f20 _gy-gencatlg |
||
| 942 |
_2ddc _cBK |
||
| 999 |
_c61180 _d61180 |
||